000 00885nam a22002297a 4500
005 2010080407127.0
010 _aENG-98138
020 _a9788171326075
_c325.00
035 _aEN-81671
037 _bDBAD/PUB
082 _a310.4315
100 _aNarang, Darshan K.
_96278
245 _aAdolescent girls :
_bawareness, rights and reproductive health /
_cby Darshan K. Narang, Neeru Chhabra [and] Kavita Koradia
260 _aJaipur
_bPointer Publishers
_c2010
270 _a807, Vyas Building, Chaura Rasta
_bJaipur
_e302003
300 _avi, 96p.
_c22cm (Hb)
500 _aincludes bibliographical references
700 _aChhabra, Neeru
_96279
700 _aKoradia, Kavita
_96280
942 _2ddc
_cEN
_h310.4315
_mNAR
999 _c39296
_d39296